[Event "Mecklenburg VP VL1819"]
[Site "Mecklenburg VP"]
[Date "2019.03.10"]
[Round "7.4"]
[White "Fischer, Torsten"]
[Black "Hartzendorf, Jonathan"]
[Result "1-0"]
[WhiteElo "1975"]
[BlackElo "1773"]
[PlyCount "113"]
[EventDate "2018.10.21"]
[EventType "team-tourn"]
[EventRounds "9"]
[EventCountry "GER"]
[SourceTitle "EXT 2022"]
[Source "ChessBase"]
[SourceDate "2021.10.06"]
[SourceVersion "1"]
[SourceVersionDate "2021.10.06"]
[SourceQuality "1"]
[WhiteTeam "Schwerin SF III"]
[BlackTeam "Rostock SSC 07"]
[WhiteTeamCountry "GER"]
[BlackTeamCountry "GER"]

1. f4 d5 2. Nf3 Nf6 3. g3 c5 4. Bg2 Nc6 5. c3 Bf5 6. d3 Qd7 7. 0-0 Bh3 8. Qc2 Bxg2 9. Kxg2 d4 10. Na3 g6 11. e4 dxe3 12. Bxe3 b6 13. Rad1 Bg7 14. h3 0-0 15. Nc4 Qd5 16. a4 Rfe8 17. Bg1 Rad8 18. Ne3 Qd7 19. Ng5 Qb7 20. Kh2 h6 21. Ne4 e6 22. Nc4 Nxe4 23. dxe4 Rxd1 24. Rxd1 Rd8 25. Nd6 Qe7 26. Nc4 g5 27. Be3 f6 28. Kg2 Rd7 29. Kf3 Qd8 30. Ke2 Kf7 31. Rxd7+ Qxd7 32. Qd3 Ke7 33. a5 Qc7 34. axb6 axb6 35. b4 cxb4 36. Bxb6 Qb8 37. Bc5+ Ke8 38. Nd6+ Kf8 39. cxb4 Kg8 40. Qc4 Nd8 41. f5 Bf8 42. fxe6 Bxd6 43. Bxd6 Qa8 44. e7+ Nf7 45. Bc7 Kg7 46. b5 Qe8 47. Qc5 Qa8 48. Ke3 g4 49. h4 f5 50. exf5 Qf3+ 51. Kd4 Qd1+ 52. Kc4 Qa4+ 53. Kd5 Qa8+ 54. Qc6 Qa2+ 55. Qc4 Qa8+ 56. Kd4 Qe8 57. Qe6 1-0

[Event "Mecklenburg VP VL1819"]
[Site "Mecklenburg VP"]
[Date "2018.11.25"]
[Round "3.6"]
[White "Hartzendorf, Jonathan"]
[Black "Jeske, Holger"]
[Result "1/2-1/2"]
[WhiteElo "1773"]
[BlackElo "1820"]
[PlyCount "50"]
[EventDate "2018.10.21"]
[EventType "team-tourn"]
[EventRounds "9"]
[EventCountry "GER"]
[SourceTitle "EXT 2022"]
[Source "ChessBase"]
[SourceDate "2021.10.06"]
[SourceVersion "1"]
[SourceVersionDate "2021.10.06"]
[SourceQuality "1"]
[WhiteTeam "Rostock SSC 07"]
[BlackTeam "Graal Mueritz"]
[WhiteTeamCountry "GER"]
[BlackTeamCountry "GER"]

1. c4 f5 2. Nf3 d6 3. d4 Nf6 4. Nc3 c6 5. g3 Qc7 6. Bg2 e5 7. 0-0 Be7 8. c5 e4 9. cxd6 Bxd6 10. Ne5 Be6 11. f4 0-0 12. b3 Rd8 13. e3 Nbd7 14. Qe2 Nb6 15. Bb2 Qe7 16. Rfd1 a5 17. Nc4 Bc7 18. Ba3 Qf7 19. Nxb6 Bxb6 20. Na4 Ba7 21. Rac1 b5 22. Nc5 b4 23. Bb2 Bd5 24. Bh3 g6 25. Na4 h5 1/2-1/2

[Event "GER-ch U25"]
[Site "Oberhof"]
[Date "2010.05.25"]
[Round "5"]
[White "Hartzendorf, Jonathan"]
[Black "Hundt, Fabian"]
[Result "0-1"]
[WhiteElo "1671"]
[BlackElo "1948"]
[PlyCount "96"]
[EventDate "2010.05.22"]
[EventType "swiss"]
[EventRounds "9"]
[EventCountry "GER"]
[SourceTitle "CBM 136 Extra"]
[Source "ChessBase"]
[SourceDate "2010.07.02"]
[SourceVersion "2"]
[SourceVersionDate "2010.07.15"]
[SourceQuality "1"]

1. c4 c5 2. Nc3 Nc6 3. Nf3 e5 4. d3 g6 5. g3 Bg7 6. Bg2 Nge7 7. 0-0 d6 8. Ne1 0-0 9. Nc2 f5 10. Ne3 Be6 11. Ned5 Qd7 12. Re1 f4 13. gxf4 Bh3 14. e4 Rf7 15. Qf3 Bg4 16. Qg3 Nxd5 17. cxd5 Nd4 18. Rb1 Raf8 19. f3 Bh5 20. Ne2 Nxe2+ 21. Rxe2 exf4 22. Qh4 Qb5 23. Rd2 Bd4+ 24. Kh1 Be3 25. Rd1 Qa4 26. Qe1 Qxa2 27. Bxe3 fxe3 28. Qxe3 Bxf3 29. Bxf3 Rxf3 30. Qg5 Rxd3 31. Rg1 Qc4 32. Rbe1 Qd4 33. Qg4 Qf6 34. Rgf1 Rf3 35. Rxf3 Qxf3+ 36. Qxf3 Rxf3 37. e5 dxe5 38. Rxe5 Rd3 39. Re8+ Kf7 40. Rb8 Rd1+ 41. Kg2 Rd2+ 42. Kg3 Rxb2 43. Rc8 Ke7 44. Rh8 a5 45. Rxh7+ Kd6 46. Rg7 a4 47. Rxg6+ Kxd5 48. Rg8 Rb6 0-1

[Event "GER-ch U25"]
[Site "Oberhof"]
[Date "2010.05.25"]
[Round "4"]
[White "Simon, Christopher"]
[Black "Hartzendorf, Jonathan"]
[Result "1-0"]
[WhiteElo "1922"]
[BlackElo "1671"]
[PlyCount "101"]
[EventDate "2010.05.22"]
[EventType "swiss"]
[EventRounds "9"]
[EventCountry "GER"]
[SourceTitle "CBM 136 Extra"]
[Source "ChessBase"]
[SourceDate "2010.07.02"]
[SourceVersion "2"]
[SourceVersionDate "2010.07.15"]
[SourceQuality "1"]

1. e4 e6 2. b3 d5 3. Bb2 Nf6 4. e5 Nfd7 5. f4 c5 6. Qg4 Nc6 7. Nf3 Ne7 8. Be2 Nf5 9. Nc3 a6 10. 0-0 Be7 11. Qh3 Nf8 12. g4 Nh6 13. Nd1 Ng6 14. Qg3 b5 15. c3 Bb7 16. d4 c4 17. Ne3 Bc8 18. Bd1 Bd7 19. Bc2 Qc8 20. Nd2 Nh4 21. f5 Bg5 22. fxe6 Bxe6 23. h3 Bxe3+ 24. Qxe3 Bxg4 25. hxg4 Qxg4+ 26. Kf2 Qg2+ 27. Ke1 0-0-0 28. Qf2 Qg5 29. Kd1 Ng2 30. Kc1 Ne3 31. Qf4 Qxf4 32. Rxf4 g5 33. Rf6 Nhg4 34. Rxa6 h5 35. Nf3 Kb7 36. Ra5 Kb6 37. b4 Rdg8 38. a4 bxa4 39. Bxa4 h4 40. Rb5+ Kc7 41. Rc5+ Kd8 42. Bb5 Ke7 43. Rc7+ Kf8 44. Ra8+ Kg7 45. Rxg8+ Rxg8 46. Nxg5 Rf8 47. e6 Nf5 48. exf7 Kg6 49. Nh3 Nge3 50. Bd7 Rxf7 51. Be8 1-0

[Event "GER-ch U25"]
[Site "Oberhof"]
[Date "2010.05.24"]
[Round "3"]
[White "Hartzendorf, Jonathan"]
[Black "Erben, Katrin"]
[Result "1-0"]
[WhiteElo "1671"]
[BlackElo "1044"]
[PlyCount "55"]
[EventDate "2010.05.22"]
[EventType "swiss"]
[EventRounds "9"]
[EventCountry "GER"]
[SourceTitle "CBM 136 Extra"]
[Source "ChessBase"]
[SourceDate "2010.07.02"]
[SourceVersion "2"]
[SourceVersionDate "2010.07.15"]
[SourceQuality "1"]

1. c4 e5 2. Nc3 Bc5 3. Nf3 Nc6 4. g3 d6 5. Bg2 Be6 6. b3 Nf6 7. Bb2 0-0 8. 0-0 a6 9. e3 Bg4 10. h3 Bf5 11. d4 Bb4 12. g4 Bxc3 13. Bxc3 exd4 14. exd4 Be4 15. Re1 Re8 16. d5 Na7 17. Bd4 b5 18. Nd2 Bxg2 19. Kxg2 c5 20. Rxe8+ Qxe8 21. Bxf6 gxf6 22. Qe1 b4 23. Ne4 Qe7 24. Qe3 Nc8 25. Re1 Nb6 26. Qf4 Re8 27. Nxf6+ Kg7 28. Nxe8+ 1-0